01094nam a2200253Ia 4500003000900000008004100009040001600050080001900066111008700085245022400172260003500396300001500431490006400446650001900510650002600529650002800555650002800583700002400611700002600635710002900661942000700690999001500697952012800712IN-BaIIA211028s9999 xx 000 0 eng d cIIA Library a063:53bENF-40 aInternational School of Physics "Enrico Fermi"cItalyd1967 June 26- July 1595953 0aNuclear structure and nuclear reactionsbproceedings of the International School of Physics "Enrico Fermi" held in Varenna Sul Lago di Como, Villa Monastero 26th June - 15th July 1967cedited by M. Jean and Ricci R. A.  aNew YorkbAcademic Pressc1969 axvi, 813p. aInternational School of Physics "Enrico Fermi" Course v. 40 aNASA Thesaurus aNuclear Physics91527 aNuclear Reactions92819 aNuclear Structure93051 aJean, M., ed.95954 aRicci, R. A. ed95955 aItalian Physical Society cBK c3358d3358 00102ddc4070aBANbBANcGENd1969-12-24g216.00l0o063:53/ ENF-40p3733r2021-11-05v216.00w1969-12-24yBKGRs. 216.00